Модернизация без потрясений и жертвоприношений

গ্রন্থ-পঞ্জীর বিবরন
প্রধান লেখক: Гитис Л. Х. Леонид
সংক্ষিপ্ত:Книга посвящена проблемам реформирования российского общества ненасильственными методами, без скачков, с использованием аналитических моделей. Особое внимание уделено образованию, науке, гумани­тарной культуре. Рассмотрены задачи удлинения жизни, создания благо­приятных условий труда и семейного благополучия. Тексты изложены в публицистической форме. •Для широкого круга читателей.
ভাষা:রুশ
প্রকাশিত: Москва, Горная книга, 2015
বিষয়গুলি:
বিন্যাস: গ্রন্থ
KOHA link:https://koha.lib.tpu.ru/cgi-bin/koha/opac-detail.pl?biblionumber=304419

MARC

LEADER 00000nam0a2200000 4500
001 304419
005 20231102001711.0
010 |a 9785986724089 
035 |a (RuTPU)RU\TPU\book\329666 
090 |a 304419 
100 |a 20150914d2015 km y0rusy50 ca 
101 0 |a rus 
102 |a RU 
105 |a a z 000zy 
200 1 |a Модернизация без потрясений и жертвоприношений  |f Л. Х. Гитис 
210 |a Москва  |c Горная книга  |d 2015 
215 |a 551 с.  |c ил. 
330 |a Книга посвящена проблемам реформирования российского общества ненасильственными методами, без скачков, с использованием аналитических моделей. Особое внимание уделено образованию, науке, гумани­тарной культуре. Рассмотрены задачи удлинения жизни, создания благо­приятных условий труда и семейного благополучия. Тексты изложены в публицистической форме. •Для широкого круга читателей. 
606 1 |a Экономические реформы  |y Россия  |y СНГ  |2 stltpush  |3 (RuTPU)RU\TPU\subj\67505  |9 83280 
606 1 |a Политические отношения  |y Российская Федерация  |2 stltpush  |3 (RuTPU)RU\TPU\subj\68280  |9 83708 
610 1 |a экономика 
610 1 |a политика 
610 1 |a модернизация 
610 1 |a модернизационные процессы 
610 1 |a Российская Федерация 
610 1 |a гражданское общество 
610 1 |a либерализм 
610 1 |a либеральная политика 
610 1 |a либеральная экономика 
686 |a У9(2)0-183  |v LBC/SL-A  |2 rubbk 
686 |a Ф3(2)6  |v LBC/SL-A  |2 rubbk 
700 1 |a Гитис  |b Л. Х.  |g Леонид 
801 1 |a RU  |b 63413507  |c 20150914 
801 2 |a RU  |b 63413507  |c 20151109  |g RCR 
942 |c BK 
959 |a 116/20150914  |d 1  |e 980,00  |f ЧЗГЛ:1